000 01144nam0a22002891 4500
001 rc\4969082
005 20130426164652.0
021 _aRU
_b[62-52222]
035 _a(NLR Aleph) 008962586
090 _a9073744
_c9073744
100 _a20130426d1962 |||y0rusy50 ca
101 0 _arus
102 _aRU
105 _ay z |||||
200 1 _aПамятка для рабочих, занятых на подземных работах по добыче руд цветных металлов, алмазов и слюды
210 _aМосква
_cГосгортехиздат
_d1962
215 _a154 с.
_d14
225 1 _aОрганизация и оплата труда
606 _aГорная промышленность
_xЗаработная плата
_2psbo
606 _aГорные работы подземные
_xОрганизация труда
_2psbo
700 1 _aРудницкий
_bМ. Л.
_gМихаил Львович
701 1 _aСудраб
_bВ. А.
_gВиктор Александрович
801 0 _aRU
_bNLR
_gpsbo
801 1 _aRU
_bELAR
_2rusmarc
852 _aNLR
_j62-1/942
942 _cBOOK
980 _aNB